| 000 | 00961nam0a22002651 4500 | ||
|---|---|---|---|
| 001 | rc\2776878 | ||
| 005 | 20260407140159.0 | ||
| 035 | _a(NLR Aleph) 006903161 | ||
| 090 |
_a7268918 _c7268918 |
||
| 100 | _a20110915d1941 u y0rusy50 ca | ||
| 101 | 0 | _arus | |
| 102 | _aRU | ||
| 105 | _ay z ||||| | ||
| 200 | 1 | _aУничтожим гитлеровскую банду головорезов | |
| 210 |
_aТаллин _cГосполитиздат _d1941 |
||
| 215 |
_a20 с. _d17 см. |
||
| 225 | 1 |
_aВ помощь пропагандисту и агитатору _fУпр. полит. пропаганды КБФ |
|
| 712 | 0 | 2 |
_aБалтийский флот _bПолитическое управление _3RU\NLR\AUTH\8810005574 _9508529 |
| 801 | 0 |
_aRU _bNLR _gpsbo |
|
| 801 | 1 |
_aRU _bELAR _2rusmarc |
|
| 852 |
_aNLR _jИр62 Г-2/20 |
||
| 942 | _cBOOK | ||
| 945 | _aРоссийская национальная библиотека | ||
| 980 | _aNB | ||
| 980 | _aBV | ||